Réguler le marché du "hajj en" France: entre logiques néolibérales et exceptionnalisme musulman

Cet article prend pour objet le projet de redevance sur le hajj, le pèlerinage à la Mecque, pour interroger les modalités d'intervention de l'État dans les sphères de l'économie et du culte. Élaboré à la suite des attentats de 2015, ce projet consistait à prélever une taxe sur chaque...

Full description

Saved in:  
Bibliographic Details
Authors: Seurat, Leila (Author) ; Safar, Jihan (Author)
Format: Electronic Article
Language:French
Check availability: HBZ Gateway
Interlibrary Loan:Interlibrary Loan for the Fachinformationsdienste (Specialized Information Services in Germany)
Published: 2025
In: Archives de sciences sociales des religions
Year: 2025, Volume: 209, Pages: 61-92
Further subjects:B acreditación / certificación
B pèlerinage à la Mecque
B public action
B pilgrimage to Mecca
B Culte
B acción pública
B impuesto al hajj
B peregrinación a La Meca
B Worship
B Culto
B action publique
B accreditation / certification
B hajj tax
B accréditation / certification
B redevance hajj
Online Access: Presumably Free Access
Volltext (lizenzpflichtig)
Volltext (lizenzpflichtig)

MARC

LEADER 00000caa a22000002c 4500
001 1925718719
003 DE-627
005 20250913141523.0
007 cr uuu---uuuuu
008 250515s2025 xx |||||o 00| ||fre c
024 7 |a 10.4000/13vh8  |2 doi 
035 |a (DE-627)1925718719 
035 |a (DE-599)KXP1925718719 
040 |a DE-627  |b ger  |c DE-627  |e rda 
041 |a fre 
084 |a 0  |2 ssgn 
100 1 |e VerfasserIn  |0 (DE-588)1106354974  |0 (DE-627)863040527  |0 (DE-576)474025683  |4 aut  |a Seurat, Leila 
109 |a Seurat, Leila  |a Seurat, Laetitia Leila 
245 1 0 |a Réguler le marché du "hajj en" France  |b entre logiques néolibérales et exceptionnalisme musulman 
264 1 |c 2025 
336 |a Text  |b txt  |2 rdacontent 
337 |a Computermedien  |b c  |2 rdamedia 
338 |a Online-Ressource  |b cr  |2 rdacarrier 
520 |a Cet article prend pour objet le projet de redevance sur le hajj, le pèlerinage à la Mecque, pour interroger les modalités d'intervention de l'État dans les sphères de l'économie et du culte. Élaboré à la suite des attentats de 2015, ce projet consistait à prélever une taxe sur chaque pèlerin pour financer l'"islam de France". Tout en inscrivant l'initiative dans les logiques néolibérales classiques de régulation par les instruments (certifications, accréditations, externalisation de l'action publique), l'article insiste sur la singularité de cette mesure fiscale qui relève d'une gestion " exceptionnelle " du culte musulman par les pouvoirs publics. Il analyse les nombreuses stratégies déployées par les différentes administrations pour favoriser l'appropriation de ce projet par les acteurs du culte et du marché sans déroger au respect de la loi de 1905 ni enfreindre le principe de la liberté d'entreprendre. L'article souhaite ainsi enrichir la compréhension de l'action publique, des modes de gouvernance par les instruments et des travaux consacrés à la régulation de l'islam en France. 
520 |a Este artículo examina el proyecto de imposición sobre el hajj, la peregrinación a La Meca, para analizar las formas de intervención del Estado en las esferas de la economía y el culto. Elaborado tras los atentados de 2015, este proyecto proponía gravar a cada peregrino con un impuesto para financiar el "islam de Francia". Aunque se inscribe dentro de las lógicas neoliberales clásicas de regulación a través de instrumentos (certificaciones, acreditaciones, externalización de la acción pública), el artículo subraya la singularidad de esta medida fiscal, que representa una gestión "excepcional" del culto musulmán por parte de las autoridades públicas. El articulo analizo las diversas estrategias empleadas por las administraciones para incentivar la apropiación de este proyecto por parte de los actores religiosos y del mercado, sin contravenir la ley de 1905 ni infringir el principio de libertad de empresa. Con ello, el artículo pretende enriquecer la comprensión de la acción pública, los modos de gobernanza mediante instrumentos y los estudios dedicados a la regulación del islam en Francia. 
520 |a This article examines the project of imposing a tax on the Hajj, the pilgrimage to Mecca, to analyze the state's modes of intervention in the economic and religious spheres. Developed in the aftermath of the 2015 attacks, this project aimed to levy a tax on each pilgrim to fund the "Islam of France." While framing the initiative within classic neoliberal regulatory logics - through instruments such as certifications, accreditations, and the outsourcing of public action - this article underscores the unique nature of this fiscal measure as an "exceptional" form of state management of Muslim worship. It examines the various strategies employed by different administrations to secure the buy-in of religious and market actors while ensuring compliance with the 1905 law and upholding the principle of entrepreneurial freedom. In doing so, the article aims to contribute to the study of public policy, instrument-based governance, and research on the regulation of Islam in France. 
650 4 |a acción pública 
650 4 |a accreditation/certification 
650 4 |a accréditation/certification 
650 4 |a acreditación/certificación 
650 4 |a action publique 
650 4 |a Culte 
650 4 |a Culto 
650 4 |a hajj tax 
650 4 |a impuesto al hajj 
650 4 |a peregrinación a La Meca 
650 4 |a pilgrimage to Mecca 
650 4 |a public action 
650 4 |a pèlerinage à la Mecque 
650 4 |a redevance hajj 
650 4 |a Worship 
700 1 |e VerfasserIn  |0 (DE-588)1229561404  |0 (DE-627)1751643700  |4 aut  |a Safar, Jihan 
773 0 8 |i Enthalten in  |t Archives de sciences sociales des religions  |d Paris : Ed. de l'Ecole des Hautes Etudes en Sciences Sociales, 1973  |g 209(2025), Seite 61-92  |h Online-Ressource  |w (DE-627)38503024X  |w (DE-600)2141909-7  |w (DE-576)281246386  |x 1777-5825  |7 nnas 
773 1 8 |g volume:209  |g year:2025  |g pages:61-92 
856 |u http://journals.openedition.org/assr/pdf/77734  |x unpaywall  |z Vermutlich kostenfreier Zugang  |h publisher [deprecated] 
856 4 0 |u http://journals.openedition.org/assr/77734  |x Verlag  |z lizenzpflichtig  |3 Volltext  |7 1 
856 4 0 |u https://doi.org/10.4000/13vh8  |x Resolving-System  |z lizenzpflichtig  |3 Volltext  |7 1 
951 |a AR 
ELC |a 1 
ITA |a 1  |t 1 
LOK |0 000 xxxxxcx a22 zn 4500 
LOK |0 001 4724671661 
LOK |0 003 DE-627 
LOK |0 004 1925718719 
LOK |0 005 20250515085159 
LOK |0 008 250515||||||||||||||||ger||||||| 
LOK |0 040   |a DE-Tue135  |c DE-627  |d DE-Tue135 
LOK |0 092   |o n 
LOK |0 852   |a DE-Tue135 
LOK |0 852 1  |9 00 
LOK |0 935   |a ixzs  |a ixzo 
LOK |0 939   |a 15-05-25  |b l01 
OAS |a 1 
ORI |a SA-MARC-ixtheoa001.raw 
REL |a 1 
SUB |a REL 
SYE 0 0 |a Orate fratres